Report, monetary normalisation scheme (Record no. 666058)

MARC details
000 -LEADER
fixed length control field 00850nam a2200241Ia 4500
003 - CONTROL NUMBER IDENTIFIER
control field OSt
005 - DATE AND TIME OF LATEST TRANSACTION
control field 20220926040948.0
008 - FIXED-LENGTH DATA ELEMENTS--GENERAL INFORMATION
fixed length control field 220923b |||||||| |||| 00| 0 eng d
037 ## - SOURCE OF ACQUISITION
Terms of availability General Book
040 ## - CATALOGING SOURCE
Original cataloging agency RTL
Transcribing agency RTL
Language of cataloging eng
041 ## - LANGUAGE CODE
Source of code eng
Language code of text/sound track or separate title eng
110 ## - MAIN ENTRY--CORPORATE NAME
Corporate name or jurisdiction name as entry element Leauge of Nations. Commission of Enquiry for European Union. Committee of experts to examine the monetary normalisation scheme
9 (RLIN) 344357
245 #0 - TITLE STATEMENT
Title Report, monetary normalisation scheme
260 ## - PUBLICATION, DISTRIBUTION, ETC.
Date of publication, distribution, etc. 1932
490 ## - SERIES STATEMENT
Series statement L. O. N., 1932, 11 A., 23
650 ## - SUBJECT ADDED ENTRY--TOPICAL TERM
Topical term or geographic name entry element Credit
9 (RLIN) 234994
700 ## - ADDED ENTRY--PERSONAL NAME
Personal name Leauge of Nations. Commission of Enquiry for European Union. Committee of experts to examine the monetary normalisation scheme
9 (RLIN) 344358
942 ## - ADDED ENTRY ELEMENTS (KOHA)
Classification part X6::5:N3, G2
Koha item type General Books
Source of classification or shelving scheme Colon Classification (CC)
Holdings
Withdrawn status Lost status Damaged status Not for loan Home library Current library Date acquired Total Checkouts Full call number Barcode Date last seen Price effective from Koha item type
        Ratan Tata Library Ratan Tata Library 2022-09-26   X6::5:N3 G2 RT0050632 2022-09-26 2022-09-26 General Books
Copyright @ Delhi University Library System